Wymień wszystkich mistrzów kategorii średniej UFC. - Statystyki

Ogólne statystyki
  • Ten quiz został rozwiązany 160 razy
  • Średni wynik to 7 z 14
Statystyki odpowiedzi
ROK Mistrz % Poprawnych
Tymczasowy Israel Adesanya
99%
2019-2022 Israel Adesanya
99%
2006-2013 Anderson Silva
72%
Tymczasowy Robert Whittaker
66%
2017-2019 Robert Whittaker
66%
2016-2017 Michael Bisping
59%
2022-..... Alex Pereira
58%
2017-2017 Georges St. Pierre
51%
2013-2015 Chris Weidman
42%
2015-2016 Luke Rockhold
37%
2005-2006 Rich Franklin
7%
2001-2002 Dave Menne
2%
2005-2005 Evan Tanner
2%
2002-2002 Murilo Bustamante
2%
Nie znaleziono quizów pasujących do podanych kryteriów
Rozkład punktacji
Procent ludzi z każdym wynikiem
Percentyl według liczby udzielonych odpowiedzi
Twoja historia wyników
Nie rozwiązałeś tego quizu